• 首页
  • 本馆介绍
  • 公告通知
  • 最新文献
  • 馆藏检索
  • 电子资源
  • 读者导购
  • 参考咨询
  • 我的图书馆
  • 登录
  • 详细信息显示
  • 放入我的书架
  • 预约/预借图书
  • 作者相关作品
  • 分类相关作品
  • 丛书相关作品
  • 出版社相关作品

书目信息

  • 表格格式
  • 工作单格式
  • 卡片格式
题名:
化工过程设计
    
 
作者: 王静康 主编
分册:  
出版信息: 北京   化学工业出版社  2006
页数: 496页
开本: 26cm
丛书名:
单 册:
中图分类: TQ02
科图分类:
主题词: 化工过程--设计--高等学校--教材 , 化工过程 , 设计
电子资源:
ISBN: 7-5025-8747-0
000 00992nam0 2200301 450
001 012007189811
005 20070622111105.65
010    @a7-5025-8747-0@dCNY49.80(含光盘)
100    @a20070509d2006 km y0chiy0120 ea
101 0  @achi
102    @aCN@b110000
105    @ay z 000yy
106    @ar
200 1  @a化工过程设计@Ahua gong guo cheng she ji@e化工设计@f王静康主编@Fwang jing kang zhu bian
205    @a2版
210    @a北京@c化学工业出版社@d2006
215    @a496页@d26cm@e光盘1片
300    @a普通高等教育“十五”国家级规划教材
307    @a光盘ISBN : 7-900163-67-0
330    @a本书为九五年化工设计第二版。本书共分11章,其内容为化工过程设计;化工厂设计概述;物料衡算与热量衡算;流程组织与合成;化工过程分析等。
517 1  @a化工设计@Ahua gong she ji
606 0  @a化工过程@x设计@x高等学校@j教材
606 0  @a化工过程
606 0  @a设计
690    @aTQ02@v4
701  0 @a王静康@Awang jing kang@4主编
801  0 @aCN@bRULIN@c20070622
905    @dTQ02@e112=2@s8
    
    化工过程设计:化工设计/王静康主编.-2版.-北京:化学工业出版社,2006
    496页;26cm+光盘1片
    普通高等教育“十五”国家级规划教材
    
    ISBN 7-5025-8747-0:CNY49.80(含光盘)
    本书为九五年化工设计第二版。本书共分11章,其内容为化工过程设计;化工厂设计概述;物料衡算与热量衡算;流程组织与合成;化工过程分析等。
●
相关链接 在E读中查询图书 在五车中查询图书 在当当中查询图书 在豆瓣中查询图书


正题名:化工过程设计     索取号:TQ02/112=2         预约/预借

序号 登录号 条形码 馆藏地/架位号 状态 备注
1 0578307   205783071   第二样本阅览室/ [索取号:TQ02/112=2] 在馆    
2 0578308   205783080   密集书库/ [索取号:TQ02/112=2] 在馆    
3 0578309   205783099   第三借阅区/ [索取号:TQ02/112=2] 在馆    
4 0578310   205783106   第三借阅区/ [索取号:TQ02/112=2] 在馆    
5 0578311   205783115   第三借阅区/ [索取号:TQ02/112=2] 在馆    
6 0578312   205783124   密集书库/ [索取号:TQ02/112=2] 在馆    
7 0578313   205783133   第三借阅区/ [索取号:TQ02/112=2] 在馆    
8 0578314   205783142   密集书库/ [索取号:TQ02/112=2] 在馆    
唐山师范学院图书馆 欢迎您!
大连网信软件有限公司© 版权所有